[Event "Vellmar op 9th"]
[Site "Vellmar"]
[Date "2017.07.16"]
[Round "6"]
[White "Kroder, Johannes"]
[Black "Lopez Rojas, Jeffrey"]
[Result "1-0"]
[WhiteElo "2075"]
[BlackElo "2173"]
[PlyCount "65"]
[EventDate "2017.07.13"]
[EventType "swiss"]
[EventRounds "7"]
[EventCountry "GER"]
[SourceTitle "CBM 179 Extra"]
[Source "ChessBase"]
[SourceDate "2017.08.23"]
[SourceVersion "1"]
[SourceVersionDate "2017.08.23"]
[SourceQuality "1"]

1. e4 c5 2. Nf3 a6 3. Nc3 Nc6 4. d4 cxd4 5. Nxd4 e6 6. Be3 Qc7 7. Bd3 Nf6 8. 0-0 Bb4 9. Kh1 Bxc3 10. bxc3 Ne5 11. f4 Nxd3 12. cxd3 Qxc3 13. Rc1 Qa3 14. Nb3 d6 15. Rf2 Bd7 16. Rc4 Ba4 17. Bc1 Bxb3 18. Qe1 Bxc4 19. Bxa3 Bxd3 20. e5 Nd5 21. Bxd6 Rc8 22. h3 Rc4 23. Qd1 Be4 24. Kh2 b5 25. Qd2 g6 26. f5 h5 27. fxe6 fxe6 28. Qg5 Bf5 29. Rxf5 exf5 30. Qxg6+ Kd8 31. Qf7 Rd4 32. e6 Re8 33. Qd7# 1-0

[Event "Vellmar op 9th"]
[Site "Vellmar"]
[Date "2017.07.15"]
[Round "5"]
[White "George, Tom"]
[Black "Kroder, Johannes"]
[Result "1/2-1/2"]
[WhiteElo "2212"]
[BlackElo "2075"]
[PlyCount "34"]
[EventDate "2017.07.13"]
[EventType "swiss"]
[EventRounds "7"]
[EventCountry "GER"]
[SourceTitle "CBM 179 Extra"]
[Source "ChessBase"]
[SourceDate "2017.08.23"]
[SourceVersion "1"]
[SourceVersionDate "2017.08.23"]
[SourceQuality "1"]

1. e4 c5 2. Nf3 d6 3. d4 cxd4 4. Nxd4 Nf6 5. f3 a6 6. c4 e6 7. Nc3 Be7 8. Be3 0-0 9. Be2 Nbd7 10. 0-0 Qc7 11. Rc1 b6 12. Qd2 Bb7 13. Rfd1 Rac8 14. b4 Rfe8 15. Na4 Qb8 16. Bf2 Bd8 17. a3 Bc7 1/2-1/2

[Event "Vellmar op 9th"]
[Site "Vellmar"]
[Date "2017.07.15"]
[Round "4"]
[White "Kroder, Johannes"]
[Black "Schnegelsberg, Karl Heinz"]
[Result "1-0"]
[WhiteElo "2075"]
[BlackElo "1973"]
[PlyCount "59"]
[EventDate "2017.07.13"]
[EventType "swiss"]
[EventRounds "7"]
[EventCountry "GER"]
[SourceTitle "CBM 179 Extra"]
[Source "ChessBase"]
[SourceDate "2017.08.23"]
[SourceVersion "1"]
[SourceVersionDate "2017.08.23"]
[SourceQuality "1"]

1. e4 e6 2. d4 d5 3. Nd2 Nf6 4. e5 Nfd7 5. Bd3 c5 6. c3 Nc6 7. Ngf3 g6 8. h4 h6 9. b3 Bg7 10. Bb2 b6 11. a3 0-0 12. Qe2 Re8 13. b4 a6 14. Kf1 Ra7 15. Kg1 Nf8 16. Qe3 Rc7 17. Re1 Nh7 18. g3 f5 19. Kg2 Rf8 20. Reg1 Kh8 21. Qe2 Nb8 22. Rc1 Bd7 23. dxc5 bxc5 24. c4 cxb4 25. cxd5 exd5 26. axb4 Bb5 27. Bxb5 axb5 28. Qxb5 Rff7 29. Qb6 Rb7 30. Qxd8+ 1-0

[Event "Rhein Main op-A 15th"]
[Site "Bad Homburg"]
[Date "2012.06.10"]
[Round "7"]
[White "Kroder, Johannes"]
[Black "Zimmer, Gerald"]
[Result "1-0"]
[WhiteElo "2087"]
[BlackElo "1986"]
[PlyCount "55"]
[EventDate "2012.06.06"]
[EventType "swiss"]
[EventRounds "7"]
[EventCountry "GER"]
[SourceTitle "EXT 2013"]
[Source "ChessBase"]
[SourceDate "2012.11.22"]
[SourceVersion "1"]
[SourceVersionDate "2012.11.22"]
[SourceQuality "1"]

1. e4 e6 2. d4 d5 3. Nd2 c5 4. Ngf3 cxd4 5. exd5 Qxd5 6. Bc4 Qd6 7. 0-0 Nf6 8. Nb3 Nc6 9. Nbxd4 Nxd4 10. Nxd4 a6 11. Re1 Qc7 12. Bb3 Bd6 13. Nf5 Bxh2+ 14. Kh1 0-0 15. Nxg7 Kxg7 16. Qd4 e5 17. Qh4 Ng4 18. Bh6+ Nxh6 19. Qg5+ Kh8 20. Qxh6 Bd7 21. Qf6+ Kg8 22. Kxh2 e4+ 23. Kg1 Qc6 24. Qf4 Rae8 25. Re3 Kh8 26. Rd1 f5 27. Rc3 Qb5 28. a4 1-0

[Event "Rhein Main op-A 15th"]
[Site "Bad Homburg"]
[Date "2012.06.07"]
[Round "3"]
[White "Kroder, Johannes"]
[Black "Geringer, Waldemar"]
[Result "1/2-1/2"]
[WhiteElo "2087"]
[BlackElo "1973"]
[PlyCount "103"]
[EventDate "2012.06.06"]
[EventType "swiss"]
[EventRounds "7"]
[EventCountry "GER"]
[SourceTitle "EXT 2013"]
[Source "ChessBase"]
[SourceDate "2012.11.22"]
[SourceVersion "1"]
[SourceVersionDate "2012.11.22"]
[SourceQuality "1"]

1. e4 c5 2. Nf3 d6 3. d4 cxd4 4. Nxd4 Nf6 5. Nc3 a6 6. Bg5 e6 7. f4 Be7 8. Qf3 Nbd7 9. 0-0-0 Qc7 10. Bd3 h6 11. Bh4 Nc5 12. Bg3 Nxd3+ 13. Rxd3 b5 14. e5 Bb7 15. Qe2 dxe5 16. fxe5 Nd5 17. Qg4 Bg5+ 18. Kb1 Ne3 19. Qe2 b4 20. Nd1 Nd5 21. h4 Bf4 22. Rf1 Bxg3 23. Rxg3 Rg8 24. Ne3 Qxe5 25. Nxd5 Qxd5 26. Nf5 Kf8 27. Ne3 Qd6 28. Rg4 g5 29. Nc4 Qe7 30. hxg5 hxg5 31. Rd4 Bd5 32. Ne5 f5 33. Qh5 Qg7 34. Rxd5 Rh8 35. Ng6+ Kg8 36. Nxh8 exd5 37. Rxf5 Rf8 38. Rxf8+ Qxf8 39. Qxg5+ Kxh8 40. Qh5+ Kg7 41. Qg5+ Kh7 42. b3 Qc5 43. Qd2 a5 44. Kb2 d4 45. Kc1 Kg6 46. g4 Qc3 47. Qxc3 dxc3 48. a3 Kg5 49. axb4 axb4 50. Kd1 Kxg4 51. Ke2 Kg3 52. Ke3 1/2-1/2

[Event "Karl Mala Memorial op 12th"]
[Site "Frankfurt"]
[Date "2009.07.19"]
[Round "7"]
[White "Kroder, Johannes"]
[Black "Kuhn, Juergen"]
[Result "1-0"]
[WhiteElo "1898"]
[BlackElo "2061"]
[PlyCount "71"]
[EventDate "2009.07.16"]
[EventType "swiss"]
[EventRounds "7"]
[EventCountry "GER"]
[SourceTitle "EXT 2010"]
[Source "ChessBase"]
[SourceDate "2010.11.25"]
[SourceVersion "1"]
[SourceVersionDate "2010.11.25"]
[SourceQuality "1"]

1. e4 c5 2. Nf3 d6 3. d4 cxd4 4. Nxd4 Nf6 5. Nc3 g6 6. Be3 Bg7 7. f3 0-0 8. Qd2 Nc6 9. 0-0-0 d5 10. exd5 Nxd5 11. Nxc6 bxc6 12. Bd4 e5 13. Bc5 Be6 14. Ne4 Re8 15. h4 h6 16. g4 Qc7 17. h5 g5 18. Bc4 a5 19. Qe2 a4 20. Ba3 Rab8 21. Nc5 Nf4 22. Qe4 Bd5 23. Bxd5 cxd5 24. Qxa4 e4 25. Rhe1 Ra8 26. Qd7 Qb6 27. fxe4 Red8 28. Qb7 Bxb2+ 29. Bxb2 Qxc5 30. exd5 Rdc8 31. Qb3 Rab8 32. Qa4 Rb4 33. Re8+ Rxe8 34. Qxe8+ Qf8 35. Qxf8+ Kxf8 36. Ba3 1-0

[Event "Karl Mala Memorial op 12th"]
[Site "Frankfurt"]
[Date "2009.07.17"]
[Round "3"]
[White "Kroder, Johannes"]
[Black "Richter, Helmut"]
[Result "1-0"]
[WhiteElo "1898"]
[BlackElo "1950"]
[PlyCount "61"]
[EventDate "2009.07.16"]
[EventType "swiss"]
[EventRounds "7"]
[EventCountry "GER"]
[SourceTitle "EXT 2010"]
[Source "ChessBase"]
[SourceDate "2010.11.25"]
[SourceVersion "1"]
[SourceVersionDate "2010.11.25"]
[SourceQuality "1"]

1. e4 c5 2. Nf3 e6 3. d4 cxd4 4. Nxd4 a6 5. Bd3 Qc7 6. 0-0 Nf6 7. Nc3 h5 8. h3 Bc5 9. Nb3 Ba7 10. Qf3 d6 11. Qg3 Nbd7 12. Bg5 b5 13. Bxb5 axb5 14. Nxb5 Qc6 15. Nxd6+ Kf8 16. e5 h4 17. Qf4 Bb8 18. Nd4 Qc5 19. exf6 Bxd6 20. fxg7+ Kxg7 21. Qg4 Ne5 22. Qf4 Nd7 23. Qg4 Kf8 24. Qf3 Nb6 25. Bf6 Rg8 26. Rfd1 Rb8 27. Nb3 Qc7 28. Rxd6 Qxd6 29. Rd1 Bb7 30. Qh5 Qf4 31. Qc5+ 1-0

[Event "Karl Mala Memorial op 12th"]
[Site "Frankfurt"]
[Date "2009.07.16"]
[Round "1"]
[White "Kroder, Johannes"]
[Black "Schreyer, Oliver"]
[Result "0-1"]
[WhiteElo "1898"]
[BlackElo "2133"]
[PlyCount "70"]
[EventDate "2009.07.16"]
[EventType "swiss"]
[EventRounds "7"]
[EventCountry "GER"]
[SourceTitle "EXT 2010"]
[Source "ChessBase"]
[SourceDate "2010.11.25"]
[SourceVersion "1"]
[SourceVersionDate "2010.11.25"]
[SourceQuality "1"]

1. e4 Nf6 2. e5 Nd5 3. d4 d6 4. c4 Nb6 5. exd6 cxd6 6. Nc3 g6 7. Be3 Bg7 8. Rc1 0-0 9. b3 e6 10. Nf3 Nc6 11. Be2 e5 12. dxe5 dxe5 13. c5 Nd7 14. Nd5 Nf6 15. Nxf6+ Bxf6 16. 0-0 Qe7 17. Bc4 Rd8 18. Qe2 e4 19. Nd2 Nb4 20. Bf4 Nxa2 21. Nxe4 Nxc1 22. Nxf6+ Qxf6 23. Bxc1 Be6 24. Bb2 Bxc4 25. bxc4 Qe6 26. Qf3 Rd7 27. Qc3 f6 28. Re1 Qf7 29. g4 Rad8 30. Re3 Rd4 31. Qxd4 Rxd4 32. Bxd4 Qxc4 33. Bxf6 Qxg4+ 34. Kh1 Qd1+ 35. Kg2 Qd5+ 0-1

[Event "Karl Mala Memorial op 11th"]
[Site "Frankfurt"]
[Date "2008.06.28"]
[Round "4"]
[White "Kroder, Johannes"]
[Black "Reimann, Gunther"]
[Result "1/2-1/2"]
[WhiteElo "1773"]
[BlackElo "1993"]
[PlyCount "86"]
[EventDate "2008.06.26"]
[EventType "swiss"]
[EventRounds "7"]
[EventCountry "GER"]
[SourceTitle "CBM 125 Extra"]
[Source "ChessBase"]
[SourceDate "2008.09.01"]
[SourceVersion "1"]
[SourceVersionDate "2008.09.01"]
[SourceQuality "1"]

1. e4 e5 2. Nf3 Nc6 3. Bc4 Be7 4. d3 d6 5. c3 Nf6 6. Nbd2 h6 7. Nf1 d5 8. exd5 Nxd5 9. Ng3 Be6 10. 0-0 0-0 11. Re1 Bf6 12. Ne4 Nf4 13. Bxf4 Bxc4 14. Nxf6+ Qxf6 15. Bxe5 Nxe5 16. Nxe5 Be6 17. d4 Rad8 18. Qf3 Qg5 19. Qe3 Qf6 20. b3 c6 21. Rad1 Rd6 22. Re2 c5 23. Red2 Rfd8 24. Nc4 cxd4 25. cxd4 Rd5 26. Qc3 Rg5 27. Ne3 Bd5 28. Nxd5 Rgxd5 29. g3 h5 30. h4 g5 31. hxg5 Qxg5 32. Qe3 Qf6 33. Qe4 Rg5 34. d5 Rg4 35. Qe3 b6 36. d6 h4 37. Qe7 Kg7 38. Qxf6+ Kxf6 39. Kg2 hxg3 40. fxg3 Re4 41. Kf3 Re5 42. g4 Ke6 43. Rd4 Rd7 1/2-1/2

[Event "Hessen-ch U14"]
[Site "Bad Homburg"]
[Date "2005.??.??"]
[Round "2"]
[White "Kroder, Johannes"]
[Black "Hummel, Dennis"]
[Result "1-0"]
[WhiteElo "1288"]
[BlackElo "1434"]
[PlyCount "95"]
[EventDate "2005.04.??"]
[EventType "swiss"]
[EventRounds "8"]
[EventCountry "GER"]
[SourceTitle "EXT 2007"]
[Source "ChessBase"]
[SourceDate "2006.11.23"]
[SourceVersion "1"]
[SourceVersionDate "2006.11.23"]
[SourceQuality "1"]

1. d4 c5 2. Nf3 cxd4 3. Nxd4 Nc6 4. e4 g6 5. Nc3 Bg7 6. Be3 Nf6 7. Be2 d6 8. Qd2 Bd7 9. 0-0-0 Rc8 10. Kb1 0-0 11. f3 Ne5 12. g4 Nc4 13. Bxc4 Rxc4 14. h4 Qa5 15. Nb3 Qa6 16. h5 Rfc8 17. hxg6 fxg6 18. Bh6 Bh8 19. e5 Ne8 20. exd6 Qxd6 21. Qe3 Qe6 22. Rhe1 Kf7 23. Qxa7 Be5 24. Rxe5 Qxe5 25. Rxd7 Nd6 26. Rxd6 Qxd6 27. Qxb7 R8c7 28. Qb5 Qh2 29. Bc1 Qf2 30. Qd5+ e6 31. Qa8 h5 32. gxh5 gxh5 33. a4 h4 34. Nd2 Qb6 35. Nxc4 Rxc4 36. Qh8 Qd4 37. Qh5+ Ke7 38. Ne4 Rxa4 39. Qxh4+ Kd7 40. Nc5+ Kc6 41. Qxd4 Rxd4 42. Nxe6 Rd6 43. Nf4 Rf6 44. b3 Kb5 45. Kb2 Kb4 46. c3+ Kb5 47. c4+ Ka5 48. Bd2+ 1-0

[Event "Hessen-ch U14"]
[Site "Bad Homburg"]
[Date "2005.??.??"]
[Round "8"]
[White "Kroder, Johannes"]
[Black "Kurnatowski, Vitali"]
[Result "1-0"]
[WhiteElo "1288"]
[BlackElo "1354"]
[PlyCount "62"]
[EventDate "2005.04.??"]
[EventType "swiss"]
[EventRounds "8"]
[EventCountry "GER"]
[SourceTitle "EXT 2007"]
[Source "ChessBase"]
[SourceDate "2006.11.23"]
[SourceVersion "1"]
[SourceVersionDate "2006.11.23"]
[SourceQuality "1"]

1. d4 d5 2. c4 dxc4 3. Nc3 Nf6 4. Bg5 Bf5 5. e3 e6 6. e4 h6 7. Bxf6 Qxf6 8. exf5 Qxf5 9. Qf3 Qxf3 10. Nxf3 Nc6 11. Bxc4 0-0-0 12. Rd1 Bd6 13. 0-0 g5 14. Rfe1 Rdg8 15. Ne5 Bxe5 16. dxe5 a6 17. a3 g4 18. b4 b5 19. Ba2 h5 20. Rc1 Kb7 21. Rcd1 Kc8 22. Kf1 Rg5 23. Ne4 Rxe5 24. Nc5 Rxe1+ 25. Kxe1 Nb8 26. Bb1 Rd8 27. Rxd8+ Kxd8 28. Ke2 Ke7 29. Ke3 f5 30. Ba2 e5 31. Be6 Kf6 1-0